01318nam a2200265Ia 4500952010200000952010200102999001700204008004100221020002700262020002800289082001800317100003900335245011400374260004100488300001900529336001000548337001400558338001200572490002000584505019600604519010300800519010300903650003901006942000701045 00102ddc4070a01b01d2014-08-07l0o336.24 L864ep01 001749r2014-08-07tv.1 w2014-08-07yLB 00102ddc4070a01b01d2014-08-07l0o336.26 L864ep01 001752r2014-08-07tv. 2w2014-08-07yLB c57836d57836120622s2012 mx 000 0 spa d a9786074741544 (tomo I) a9786074741551 (tomo II) a336.24bL864e1 aLópez Padilla, Agustíneautor 10aExposición Práctica y Comentarios a la Ley del Impuesto sobre la Renta 2014c / Agustín López Padilla3 aMéxico b: Thomson Reutersc, 2014 a2 volúmenes  atexto asin medio avolumen aDoctrina Fiscal aTomo I - Personas Morales Disposiciones generales Base gravable de las personas morales Del régimen simplificado de las personas morales Tomo II - Personas Físicas Disposiciones generales aPlan Flexible / bMaestría en Derecho Fiscal / cImpuesto Sobre la Renta (P04-3) / d(01 001749) aPlan Flexible / bMaestría en Derecho Fiscal / cImpuesto Sobre la Renta (P04-4) / d(01 001752)14aIMPUESTOS SOBRE LA RENTAxMÉXICO cLB